| 000 | 00927nam a2200241 i 4500 | ||
|---|---|---|---|
| 001 | 44023 | ||
| 003 | ES-MaACL | ||
| 005 | 20230906160933.0 | ||
| 007 | t| | ||
| 008 | 030320s1960 sp ||||1| spa d | ||
| 100 | 0 |
_aGarcía Chico, Esteban. _954369 |
|
| 245 | 1 | 0 |
_aMedina de Rioseco / _cpor Esteban García Chico ; prólogo del Excmo. Sr. D. Emiliano Berzosa Recio. |
| 250 | _a2ª ed. aum. con notas y documentos. | ||
| 260 |
_aValladolid : _bDiputación Provincial, _c1960 ( _fAndrés Martín) |
||
| 300 |
_a228 p., CLX p. de lám. : _bil. ; _c24 cm. |
||
| 490 | 1 |
_aCatálogo monumental de la provincia de Valladolid ; _v1 |
|
| 504 | _aBibliografía: p. [225]-228. Índices. | ||
| 650 | 4 |
_aArte- _zMedina de Rioseco. _9167480 |
|
| 700 | 1 |
_aBerzosa Recui, Emiliano. _928557 |
|
| 830 | 0 |
_aCatálogo monumental de la provincia de Valladolid ; _v1 _9184522 |
|
| 852 |
_aES-MaACL _jP-628 _bR.46335 |
||
| 999 |
_c44023 _d44023 |
||